00654cam a2200145Ki 450008200170000010000190001724501740003626000610021030000450027150000200031652600370033665000080037385600630038185600640044404a943.243bBIS1 aBusch, Moritz,10aBismarck ; some secret pages of his historycbeing a diary kept by Dr. Moritz Busch during twenty-five years' official and private intercourse with the great Chancellor. aLondon :bMacmillan ;aNew York :bMacmillan Co.,c1898. a1 online resource (3 v.) :bill., ports. aIncludes index. a0b0c0d943_243000000000000_BIS aMCE40uhttp://catalog.hathitrust.org/api/volumes/oclc/681809.html40uhttp://catalog.hathitrust.org/api/volumes/oclc/7856412.html